Tut der Western genug für Osteuropa? November 1994

Guardado en:
Detalles Bibliográficos
Autor principal: Dlouhý, Vladimír
Formato: Libro
Lenguaje:alemán
Publicado: Bruxelles The Philip Morris Institute 1994
Materias:
Etiquetas: Agregar Etiqueta
Sin Etiquetas, Sea el primero en etiquetar este registro!

MARC

LEADER 00000nam a2200000 4500
001 c119923
005 20221123112917.5
041 0 |a ger 
044 |a BE 
245 1 0 |a Tut der Western genug für Osteuropa?  |b November 1994  |c Vladimír Dlouhý ... [et al.] 
264 1 |a Bruxelles  |b The Philip Morris Institute  |c 1994 
300 |a 99 s. 
610 2 0 |a západná Európa 
610 2 0 |a SVE 
610 2 0 |a spolupráca hospodárska medzinárodná 
100 1 |a Dlouhý, Vladimír